LEADER 00878nam a22002411i 4500 001 991002419829707536 005 20030613212429.0 008 030925s1968 it |||||||||||||||||ita 035 $ab12286205-39ule_inst 035 $aARCHE-033377$9ExL 040 $aBiblioteca Interfacoltà$bita$cA.t.i. Arché s.c.r.l. Pandora Sicilia s.r.l. 082 04$a378 110 2 $aUniversità degli Studi $0254748 245 10$aStatuto /$cUniversità degli studi di Bologna 260 $aBologna :$b[s.n.],$c1968 300 $a1 v. ;$c23 cm 650 4$aBologna$xUniversità$xStatuti 907 $a.b12286205$b02-04-14$c08-10-03 912 $a991002419829707536 945 $aLE002 Busta B 37/4$g1$i2002000771476$lle002$o-$pE0.00$q-$rl$s- $t0$u0$v0$w0$x0$y.i12679471$z08-10-03 996 $aStatuto$9162736 997 $aUNISALENTO 998 $ale002$b08-10-03$cm$da $e-$fita$git $h0$i1